Computer System Architecture / (Record no. 536)

MARC details
000 -LEADER
Fixed length control field 00470nam a2200181 4500
003 - CONTROL NUMBER IDENTIFIER
Control field SEACOMMC
005 - DATE AND TIME OF LATEST TRANSACTION
Control field 20250501144603.0
008 - FIXED-LENGTH DATA ELEMENTS--GENERAL INFORMATION
Fixed length control field 240711b |||||||| |||| 00| 0 eng d
020 ## - INTERNATIONAL STANDARD BOOK NUMBER / ISBN
International Standard Book Number 978-93-325-8560-7
Price Rs.210.00
040 ## - CATALOGING SOURCE
Original cataloging agency SEACOMMC
082 ## - DEWEY DECIMAL CLASSIFICATION NUMBER
Classification number 005.133
Book Number M285
100 ## - MAIN ENTRY--PERSONAL NAME
Personal name Mano, Morris M
245 1# - TITLE STATEMENT
Title Computer System Architecture /
Statement of responsibility Morris M Mano
250 ## - EDITION STATEMENT
Edition statement 3rd ed.
260 ## - IMPRINT
Place of publication Delhi
Name of publisher Pearson
Date of publication 2008
650 ## - SUBJECT ADDED ENTRY--TOPICAL TERM
Topical term Computer Architecture
942 ## - ADDED ENTRY ELEMENTS (KOHA)
Koha item type Books
Holdings
Withdrawn status Lost status Source of classification Damaged status Not for loan Home library Current library Shelving location Date acquired Total Checkouts Call number Accession number Date last seen Price effective from Koha item type Checked out Date checked out Copy number
    Dewey Decimal Classification     SEACOM MANAGEMENT COLLEGE SEACOM MANAGEMENT COLLEGE Reference 17/01/2008   005.133 M285 M1785 11/07/2024 11/07/2024 Reference Books      
    Dewey Decimal Classification     SEACOM MANAGEMENT COLLEGE SEACOM MANAGEMENT COLLEGE   17/01/2008 1 005.133 M285 M 1786 06/11/2025 11/07/2024 Books 20/11/2025 06/11/2025 1
    Dewey Decimal Classification     SEACOM MANAGEMENT COLLEGE SEACOM MANAGEMENT COLLEGE   17/01/2008 3 005.133 M285 M 1787 17/03/2026 11/07/2024 Books 31/03/2026 17/03/2026 2
    Dewey Decimal Classification     SEACOM MANAGEMENT COLLEGE SEACOM MANAGEMENT COLLEGE   17/01/2008 1 005.133 M285 M 1788 08/11/2025 11/07/2024 Books   06/11/2025 3
    Dewey Decimal Classification     SEACOM MANAGEMENT COLLEGE SEACOM MANAGEMENT COLLEGE   17/01/2008 1 005.133 M285 M 1789 08/11/2025 11/07/2024 Books   06/11/2025 4
© Seacom Engineering College, All rights reserved.    Powered by Koha